000
00291nam a2200133Ia 4500
100
_a
Sedov/E
650
_a
Electrical Engineering
942
_c
BK
245
_a
Entertaining Electronics
260
_b
Mir Publishers
_a
Moscow
_c
1973
082
_a
621.3
300
_a
351
546
_a
ENGLISH
999
_c
20617
_d
20617